| Поле | Инд. | ПП | Название | Значение |
|---|---|---|---|---|
| Тип записи | a | |||
| Библиографический уровень | m | |||
| 001 | Контрольный номер | e036cd6bd6f44940ae87f1fe69f4e01f | ||
| 005 | Дата корректировки | 20220617141943.2 | ||
| 008 | Кодируемые данные | 220530|||||||||ru |||||||||||||||||rus|| | ||
| 041 | 0_ | a | Код языка текста | rus |
| 084 | a | Индекс другой классификации/Индекс ББК | 94+47.4 | |
| 090 | a | Полочн. индекс | 94 | |
| x | Авторский знак | Ч-19 | ||
| 100 | 1_ | a | Автор | Чалиенко М. О. |
| 203 | a | Вид содержания | Текст | |
| c | Тип средства | непосредственное | ||
| 245 | 10 | a | Заглавие | Размерный состав поселений и рост серого морского ежа (Strongylocenrotus intermedius) у берегов Приморья |
| b | Продолж. заглавия | специальность 03.02.10 "Гидробиология" : автореферат диссертации на соискание ученой степени кандидата биологических наук | ||
| c | Ответственность | Тихоокеанский филиал Федерального государственного бюджетного научного учреждения "Всероссийский научно-исследовательский институт рыбного хозяйства и океанографии" (ТИНРО), г. Владивосток | ||
| 260 | a | Место издания | Москва | |
| c | Дата издания | 2021 | ||
| 300 | a | Объем | 24 с. | |
| b | Иллюстрации/ тип воспроизводства | граф., карт. | ||
| 504 | a | Библиография | Библиогр.: с. 23-24 | |
| 504 | a | Библиография | Место защиты: ФГБНУ "ВНИРО" | |
| 650 | 04 | a | Основная рубрика | Промысловые водные беспозвоночные-Морские ежи-Авторефераты диссертаций |
| 653 | 0_ | a | Ключевые слова | Авторефераты диссертаций |
| a | Ключевые слова | Исследования рыбопромысловые | ||
| a | Ключевые слова | Морские ежи | ||
| a | Ключевые слова | Промысловые водные беспозвоночные | ||
| 653 | 0_ | a | Ключевые слова | Strongylocenrotus intermedius |
| 900 | a | Имя макрообъекта | Чалиенко М. О. Размерный состав | |
| 901 | t | Тип документа | r |